000
00319nam a22001337a 4500
008
171023b xxu||||| |||| 00| 0 eng d
020
_a
9780256180756
041
_a
eng
080
_a
338
100
_a
54
101
_a
MEN
245
_a
QULITY MANAGEMENT TOOLS AND METHODS IMPROVEMENT
_c
GIDOW.H
942
_2
udc
_c
BK
999
_c
35399
_d
35399